pays R - Statistiques

Statistiques générales
  • Ce quiz a été pris 3 fois
  • Le résultat moyen est 4 sur 10
Statistiques - réponses
Réponse % Correct
1 France
100%
6 Allemagne
50%
8 Etats-Unis
50%
5 Japon
50%
2 Maroc
50%
9 Suisse
50%
4 Tunisie
50%
3 Algérie
0%
7 Canada
0%
10 Italie
0%
Aucun quiz correspondant
Distribution des résultats
% des personnes avec chaque résultat
Percentile par nombre de réponses
Votre historique - résultats
Vous n’avez pas pris ce quiz